Elaine's Boyfriends by Description Quiz Stats

Quiz not verified by Sporcle

Challenge
Share
Tweet
Embed
Score 0/33 Timer 06:00
0 Plays Today
% Correct
David Puddy
84.6%
Keith Hernandez
84.3%
Tim Whatley
83.9%
Joel Rifkin
80.6%
Jerry Seinfeld
80.4%
Jimmy
79.6%
Russell Dalrymple
79.4%
Joe Davola
75.1%
Lloyd Braun
73.4%
Dr. Reston
72.4%
Bob Cobb
71.1%
Ned Isakoff
67.2%
Tony
63.5%
Kevin
61.4%
Jake Jarmel
61%
John Jermaine
58.2%
Owen March
52.7%
% Correct
Hal Kitzmiller
52.3%
Darryl Nelson
51.5%
Aaron
51.3%
Todd Gack
48.5%
Craig
47.7%
Simon
45.8%
Phil Totola
45%
Kurt
43.3%
Jack
37.6%
Dick
37.3%
Brett
34.1%
Glenn
29.9%
Fred
29.8%
Alan
27.6%
Carl
25.6%
Billy
21.7%

You're not logged in!

Compare scores with friends on all Sporcle quizzes.
Sign Up with Email
OR
Log In

You Might Also Like...

Show Comments

Extras

Top Quizzes Today


Score Distribution

Your Account Isn't Verified!

In order to create a playlist on Sporcle, you need to verify the email address you used during registration. Go to your Sporcle Settings to finish the process.